000 00629nam a22002297a 4500
003 UA-OsUOA
001 93879
007 ta
008 20130129b un ||||| |||| 00| 0 ukr d
100 _aВелиев С.
090 _a821.512.166
_bВ27
942 _cBK
040 _aUA-OsUOA
_brus
_cUA-OsUOA
_dUA-OsUOA
245 _aВкус жизни
_bповести, рассказы
300 _a429 с.
955 _a3
041 _arus
080 _a821.512.166
260 _aМ.
_bСоветский писатель
_c1982
650 7 _a82 Література. Літературознавство
_2UDC
999 _c380122
_d380122